[Event "Karaj Alborz Parsa School"]
[Site "Karaj"]
[Date "2017.10.29"]
[Round "4.7"]
[White "Karevan, Benyamin"]
[Black "Bigdeli, Mehdi"]
[Result "1-0"]
[WhiteElo "1081"]
[BlackElo "1298"]
[PlyCount "53"]
[EventDate "2017.10.12"]
[EventType "swiss"]
[EventRounds "9"]
[EventCountry "IRI"]
[SourceTitle "EXT 2024"]
[Source "ChessBase"]
[SourceDate "2023.10.10"]
[SourceVersion "1"]
[SourceVersionDate "2023.10.10"]
[SourceQuality "1"]

1. e4 e5 2. Nf3 Nc6 3. Bc4 Nf6 4. Ng5 d5 5. exd5 Nxd5 6. Bxd5 Qxd5 7. Nf3 Bg4 8. Nc3 Qe6 9. h3 Bh5 10. d3 Nd4 11. g4 Bg6 12. Nxd4 exd4+ 13. Qe2 Qxe2+ 14. Nxe2 Bb4+ 15. Bd2 Bxd2+ 16. Kxd2 c5 17. Ng3 0-0 18. h4 h5 19. g5 f6 20. gxf6 Rxf6 21. Raf1 Raf8 22. Rh2 Bf7 23. Kc1 Bxa2 24. b3 Ra6 25. Kb2 Bxb3 26. cxb3 Rff6 27. Ne4 1-0

[Event "Karaj Alborz Parsa School"]
[Site "Karaj"]
[Date "2017.10.19"]
[Round "6.7"]
[White "Karevan, Benyamin"]
[Black "Shokrian, Abolfazl"]
[Result "0-1"]
[WhiteElo "1081"]
[BlackElo "1340"]
[PlyCount "106"]
[EventDate "2017.10.12"]
[EventType "swiss"]
[EventRounds "9"]
[EventCountry "IRI"]
[SourceTitle "EXT 2024"]
[Source "ChessBase"]
[SourceDate "2023.10.10"]
[SourceVersion "1"]
[SourceVersionDate "2023.10.10"]
[SourceQuality "1"]

1. e4 e5 2. Nf3 Nc6 3. Bc4 Bc5 4. 0-0 Nf6 5. Nc3 d6 6. h3 0-0 7. d3 h6 8. Re1 Be6 9. Bb3 Re8 10. Be3 Bb6 11. Qd2 d5 12. exd5 Bxd5 13. Nxd5 Nxd5 14. Bxd5 Qxd5 15. c3 Rad8 16. Rad1 Re6 17. a3 Rg6 18. Kh1 a6 19. Bxb6 cxb6 20. Qe3 b5 21. Rd2 Na5 22. Rb1 Nb3 23. Rdd1 Re8 24. Re1 Re7 25. Red1 Kf8 26. Qe2 Qc6 27. Qc2 Nc5 28. d4 exd4 29. cxd4 Ne4 30. Rdc1 Qxc2 31. Rxc2 Rd6 32. Rc8+ Re8 33. Rxe8+ Kxe8 34. Re1 Re6 35. Kg1 Nd6 36. Rd1 Nc4 37. b3 Nxa3 38. Rc1 f6 39. Rc7 Re7 40. Rc1 Kd7 41. Rd1 Nc2 42. Rd2 Nb4 43. Kf1 Kd6 44. Rd1 Nc6 45. Rc1 Re4 46. Rd1 Kd5 47. Rd2 Nxd4 48. Nxd4 Rxd4 49. Rxd4+ Kxd4 50. Ke2 Kc3 51. g4 Kxb3 52. h4 g5 53. f4 a5 0-1